• 首页
  • 本馆介绍
  • 公告通知
  • 最新文献
  • 馆藏检索
  • 电子资源
  • 读者导购
  • 参考咨询
  • 我的图书馆
  • 登录
  • 详细信息显示
  • 放入我的书架
  • 预约/预借图书
  • 作者相关作品
  • 分类相关作品
  • 丛书相关作品
  • 出版社相关作品

书目信息

  • 表格格式
  • 工作单格式
  • 卡片格式
题名:
学习井冈山
    
 
作者: ;井冈山红色文化教育学院教材编委会 编著
分册:  
出版信息: 北京   新华出版社  2016
页数: 12,260页
开本: 21cm
丛书名:
单 册:
中图分类: D648.4
科图分类:
主题词: 井冈山精神--jing gang shan jing shen--学习参考资料
电子资源:
ISBN: 978-7-5166-2358-9
000 00917nam0 22002291 450
001 0118172245
005 20170618172245.0
010    @a978-7-5166-2358-9@dCNY39.80
100    @a20160616d2016 em y0chiy50 ea
101 0  @achi
102    @aCN@b110000
105    @aa z 000yy
106    @ar
200 1  @a学习井冈山@Axue xi jing gang shan@f井冈山红色文化教育学院教材编写委员会编著
210    @a北京@c新华出版社@d2016
215    @a12,260页@c图@d21cm
330    @a本书讲述井冈山斗争的基本历史及井冈山精神、井冈山的红色历史文化,具体包括井冈山革命根据地简史、井冈山精神及其时代价值、井冈山教学点简介、井冈山红色文化品读四个部分。
606 0  @a井冈山精神@Ajing gang shan jing shen@j学习参考资料
690    @aD648.4@v5
711 02 @a井冈山红色文化教育学院教材编委会@Ajing gang shan hong se wen hua jiao yu xue yuan jiao cai bian wei hui@4编著
801  0 @aCN@bTANGWEI@c20170615
905    @b1009023-8@dD648.4@e188@f6
    
    学习井冈山/井冈山红色文化教育学院教材编写委员会编著 .-北京:新华出版社,2016
    12,260页:图;21cm
    
    
    ISBN 978-7-5166-2358-9:CNY39.80
    本书讲述井冈山斗争的基本历史及井冈山精神、井冈山的红色历史文化,具体包括井冈山革命根据地简史、井冈山精神及其时代价值、井冈山教学点简介、井冈山红色文化品读四个部分。
●
相关链接 在E读中查询图书 在五车中查询图书 在当当中查询图书 在豆瓣中查询图书


正题名:学习井冈山     索取号:D648.4/188         预约/预借

序号 登录号 条形码 馆藏地/架位号 状态 备注
1 1009023   210090239   第一样本阅览室/ [索取号:D648.4/188] 在馆    
2 1009024   210090248   教育系资料室/ [索取号:D648.4/188] 在馆    
3 1009025   210090257   教育系资料室/ [索取号:D648.4/188] 在馆    
4 1009026   210090266   教育系资料室/ [索取号:D648.4/188] 在馆    
5 1009027   210090275   第一借阅区/ [索取号:D648.4/188] 在馆    
6 1009028   210090284   第一借阅区/ [索取号:D648.4/188] 在馆    
唐山师范学院图书馆 欢迎您!
大连网信软件有限公司© 版权所有